000 00623nam a2200241Ia 4500
003 OSt
005 20221007100816.0
006 a|||||r|||| 00| 0
007 ta
008 221006b |||||||| |||| 00| 0 eng d
024 _a5,192
037 _cTextual
040 _aLCO
_cLCO
_beng
041 _2eng
_aeng
082 _aZ3,91, K6
100 _aJULIUS STONE
_9698920
245 0 _aSocial dimensions of law and justice
260 _aBombay
_bN.M.Tripathi
_c1966
300 _a933
650 _aLAW AND JUSTICE
_9698429
942 _hZ3,91, K6
_cTEXL
999 _c1174755
_d1174755